Statistics for Anime Characters by picture

Click here to take the quiz!

General Stats

  • This quiz has been taken 774 times
  • The average score is 8 of 16

Answer Stats

Answer% Correct
Naruto
98%
Eren
95%
Light
89%
Nezuko
84%
Ken
76%
Lelouch
67%
Yor
66%
Asuna
57%
Emilia
34%
Taiga
34%
Asuka
31%
Yuno
26%
Kiyotaka
22%
Kyoko
12%
Rintarou
11%
Aoi
10%

Score Distribution

Percentile by Number Answered

Percent of People with Each Score

Your Score History

You have not taken this quiz